An examination of the place of reason in ethics / (Record no. 29912)
[ view plain ]
| 000 -LEADER | |
|---|---|
| fixed length control field | 00896nam a2200277 a 4500 |
| 001 - CONTROL NUMBER | |
| control field | 29912 |
| 003 - CONTROL NUMBER IDENTIFIER | |
| rucl marc code | BD-RjUL |
| 005 - DATE AND TIME OF LATEST TRANSACTION | |
| control field | 20211209051500.0 |
| 008 - FIXED-LENGTH DATA ELEMENTS--GENERAL INFORMATION | |
| fixed length control field | 140408r19661950enk b 001 0 eng d |
| 035 ## - SYSTEM CONTROL NUMBER | |
| System control number | (BD-RjUL)29997 |
| 040 ## - CATALOGING SOURCE | |
| Original cataloging agency | VCAV |
| Language of cataloging | eng |
| Transcribing agency | VCAV |
| Modifying agency | VU |
| -- | VJTL |
| -- | BD-RjUL |
| 041 ## - LANGUAGE CODE | |
| Language code of text/sound track or separate title | eng |
| 082 14 - DEWEY DECIMAL CLASSIFICATION NUMBER | |
| Classification number | 170 |
| Edition number | 19 |
| Author mark and year | TOE 1964 |
| 100 1# - MAIN ENTRY--PERSONAL NAME | |
| Personal name | Toulmin, Stephen Edelston. |
| 9 (RLIN) | 91001 |
| 245 13 - TITLE STATEMENT | |
| Title | An examination of the place of reason in ethics / |
| Statement of responsibility, etc. | by Stephen Edelston Toulmin. |
| 246 14 - VARYING FORM OF TITLE | |
| Title proper/short title | Reason in ethics |
| Title proper/short title | Place of reason in ethics |
| 250 ## - EDITION STATEMENT | |
| Edition statement | First pbk. ed. |
| 260 ## - PUBLICATION, DISTRIBUTION, ETC. (IMPRINT) | |
| Place of publication, distribution, etc. | Cambridge : |
| Name of publisher, distributor, etc. | Cambridge University Press, |
| Date of publication, distribution, etc. | 1960. [Reprinted 1964] |
| 300 ## - PHYSICAL DESCRIPTION | |
| Pagination | xiv, 228 p. ; |
| Size | 22 cm. |
| 500 ## - GENERAL NOTE | |
| General note | Reprint of the ed. originally published 1950. |
| 504 ## - BIBLIOGRAPHY, ETC. NOTE | |
| Bibliography, etc | Includes bibliographical references and index. |
| 650 #0 - SUBJECT ADDED ENTRY--TOPICAL TERM | |
| Topical term or geographic name as entry element | Ethics. |
| 9 (RLIN) | 91002 |
| Topical term or geographic name as entry element | Reasoning. |
| 9 (RLIN) | 91003 |
| 942 ## - ADDED ENTRY ELEMENTS (KOHA) | |
| Source of classification or shelving scheme | Dewey Decimal Classification |
| Koha item type | Books |
| Lost status | Source of classification or shelving scheme | Damaged status | Not for loan | Collection code | Permanent Location | Current Location | Shelving location | Date acquired | Source of acquisition | Cost, normal purchase price | Total Checkouts | Full call number | Date last seen | Copy number | Koha item type |
|---|---|---|---|---|---|---|---|---|---|---|---|---|---|---|---|
| Dewey Decimal Classification | Non-fiction | Central Library, University of Rajshahi | Central Library, University of Rajshahi | 08/05/1968 | Zitlinger | 12.60 | 170 TOE 1964 | 08/04/2014 | C-2 | Books | |||||
| Dewey Decimal Classification | Non-fiction | Central Library, University of Rajshahi | Central Library, University of Rajshahi | 09/12/1978 | W.U.S | 0.00 | 170 TOE 1968 | 10/04/2014 | C-5 | Books | |||||
| Dewey Decimal Classification | Non-fiction | Central Library, University of Rajshahi | Central Library, University of Rajshahi | 09/12/1978 | W.U.S | 0.00 | 170 TOE 1964 | 10/04/2014 | C-4 | Books | |||||
| Dewey Decimal Classification | Non-fiction | Central Library, University of Rajshahi | Central Library, University of Rajshahi | 09/12/1978 | W.U.S | 0.00 | 170 TOE 1964 | 10/04/2014 | C-3 | Books |